| 000 | 01086nam a22002537a 4500 | ||
|---|---|---|---|
| 005 | 20170124103046.0 | ||
| 010 | _aA-909033 | ||
| 020 |
_c175.00 _a8186253084 |
||
| 035 | _aA-909033 | ||
| 037 | _bCen Lib/Ret | ||
| 040 |
_aDPL _bHN |
||
| 082 |
_aक _bविश्वप्र |
||
| 245 |
_aविश्व प्रसिद्ध कहानियाँ / _cसंपादक राम आनंद |
||
| 246 |
_aVishv prasidhh kahaniyan / _bsampadak Ram Anand |
||
| 260 |
_aदिल्ली _bसंस्कृति साहित्य _c1998 |
||
| 270 |
_a30/21ए-22ए, गली नं.9, विश्वास नगर, शाहदरा _bदिल्ली _e110032 |
||
| 300 |
_a174पृ. _c20सेमी(सजिल्द) |
||
| 650 |
_aहिन्दी साहित्य _968821 |
||
| 650 |
_aहिन्दी -- लघु कहानियां _968822 |
||
| 650 |
_aHindi literature _968823 |
||
| 650 |
_aHindi -- Short Stories _929625 |
||
| 700 |
_aराम आनंद _92233 |
||
| 942 |
_2ddc _cHN _hक _mविश्वप्र |
||
| 999 |
_c116888 _d116888 |
||